Numéros des Départements Français - Quiz - Statistiques

Statistiques générales
  • Ce quiz a été pris 2 015 fois
  • Le résultat moyen est 43 sur 101
Statistiques - réponses
Hint Réponse % Correct
01 Ain
98%
02 Aisne
93%
03 Allier
86%
2A Corse-du-Sud
66%
2B Haute-Corse
66%
06 Alpes-Maritimes
65%
13 Bouches-du-Rhône
64%
10 Aube
60%
11 Aude
60%
07 Ardèche
59%
05 Hautes-Alpes
59%
09 Ariège
56%
08 Ardennes
54%
75 Paris
54%
14 Calvados
53%
12 Aveyron
51%
15 Cantal
51%
22 Côtes-d'Armor
49%
33 Gironde
49%
16 Charente
48%
17 Charente-Maritime
48%
19 Corrèze
47%
21 Côte d'Or
47%
29 Finistère
47%
44 Loire-Atlantique
47%
25 Doubs
46%
42 Loire
46%
69 Rhône
46%
18 Cher
45%
24 Dordogne
45%
45 Loiret
45%
23 Creuse
44%
971 Guadeloupe
44%
34 Hérault
44%
37 Indre-et-Loire
44%
38 Isère
44%
972 Martinique
44%
93 Seine-Saint-Denis
44%
30 Gard
43%
32 Gers
43%
35 Ille-et-Vilaine
43%
36 Indre
43%
974 La Réunion
43%
26 Drôme
42%
27 Eure
42%
973 Guyane
42%
31 Haute-Garonne
42%
43 Haute-Loire
42%
50 Manche
42%
39 Jura
41%
40 Landes
41%
976 Mayotte
41%
28 Eure-et-Loire
40%
51 Marne
40%
59 Nord
39%
60 Oise
39%
49 Maine-et-Loire
38%
56 Morbihan
38%
52 Haute-Marne
37%
53 Mayenne
37%
95 Val-d'Oise
37%
74 Haute-Savoie
36%
57 Moselle
36%
94 Val-de-Marne
36%
78 Yvelines
36%
04 Alpes-de-Hautes-Provence
35%
67 Bas-Rhin
35%
91 Essonne
35%
68 Haut-Rhin
35%
92 Hauts-de-Seine
35%
41 Loir-et-Cher
35%
54 Meurthe-et-Moselle
35%
55 Meuse
35%
64 Pyrénées-Atlantiques
35%
66 Pyrénées-Orientales
35%
73 Savoie
35%
83 Var
35%
58 Nièvre
34%
61 Orne
34%
77 Seine-et-Marne
34%
90 Territoire de Belfort
34%
84 Vaucluse
34%
65 Hautes-Pyrénées
33%
46 Lot
33%
47 Lot-et-Garonne
33%
62 Pas-de-Calais
33%
85 Vendée
32%
76 Seine-Maritime
31%
88 Vosges
31%
89 Yonne
31%
48 Lozère
30%
63 Puy-de-Dôme
30%
71 Saône-et-Loire
30%
72 Sarthe
30%
80 Somme
30%
70 Haute-Saône
29%
87 Haute-Vienne
29%
86 Vienne
29%
81 Tarn
27%
82 Tarn-et-Garonne
26%
79 Deux-Sèvres
23%
Aucun quiz correspondant
Distribution des résultats
% des personnes avec chaque résultat
Percentile par nombre de réponses
Votre historique - résultats
Vous n’avez pas pris ce quiz